[Event "UK Armed Services Championship"]
[Site "Wittering"]
[Date "2024.04.07"]
[Round "5.40"]
[White "Duxbury, Daniel"]
[Black "Hutton, Michael"]
[Result "1/2-1/2"]
[WhiteElo "1260"]
[BlackElo "600"]
[PlyCount "74"]
[EventDate "2024.04.05"]
[EventType "swiss"]
[EventRounds "7"]
[EventCountry "ENG"]
[SourceTitle "BritBase"]
[Source "John Saunders"]
[SourceDate "2024.05.09"]
[SourceVersion "1"]
[SourceVersionDate "2024.04.06"]
[SourceQuality "1"]

1. c4 d6 2. Nc3 Nf6 3. e3 g6 4. d4 Bg7 5. Bd3 O-O 6. Nge2 b6 7. O-O Bb7 8. Bd2
d5 9. cxd5 Nxd5 10. Rc1 Na6 11. a3 Qd6 12. Nxd5 Qxd5 13. Be4 Qxe4 14. f3 Qe6
15. b4 c5 16. dxc5 Bb2 17. Nd4 Bxd4 18. exd4 Rac8 19. Re1 Qd7 20. Bg5 f6 21.
Be3 Nb8 22. Qd3 Ba6 23. Qb3+ Kg7 24. Qb2 Nc6 25. b5 Ne5 26. dxe5 Qxb5 27. exf6+
exf6 28. Qxb5 Bxb5 29. cxb6 Rxc1 30. Rxc1 axb6 31. Bxb6 Ra8 32. Rc7+ Kh6 33.
Bc5 Ba6 34. Bb4 Rc8 35. Ra7 Rc1+ 36. Kf2 Rc2+ 37. Kg1 Rc1+ 1/2-1/2

[Event "UK Armed Services Championship"]
[Site "Wittering"]
[Date "2024.04.07"]
[Round "6.2"]
[White "Sherpa, Ngadi"]
[Black "Bradley, William"]
[Result "0-1"]
[WhiteElo "1791"]
[BlackElo "1901"]
[PlyCount "100"]
[EventDate "2024.04.05"]
[EventType "swiss"]
[EventRounds "7"]
[EventCountry "ENG"]
[SourceTitle "BritBase"]
[Source "John Saunders"]
[SourceDate "2024.05.09"]
[SourceVersion "1"]
[SourceVersionDate "2024.04.06"]
[SourceQuality "1"]

1. e4 g6 2. d4 Bg7 3. Nf3 d6 4. b3 c5 5. Bb2 cxd4 6. Bxd4 Nf6 7. Nbd2 Nc6 8.
Bc3 Qb6 9. h3 Ng4 10. hxg4 Bxc3 11. Rb1 Bxg4 12. Be2 Bxf3 13. Bxf3 Qb4 14. Be2
Bxd2+ 15. Qxd2 Qxd2+ 16. Kxd2 Rc8 17. a3 Nd4 18. Bd3 e5 19. f3 Ke7 20. Rhf1 Ne6
21. Rf2 Rcf8 22. g3 f5 23. exf5 gxf5 24. Rbf1 f4 25. g4 h5 26. gxh5 Rxh5 27.
Be4 b6 28. Rg1 Rg5 29. Rh1 Nc7 30. c4 Rfg8 31. Rh7+ R8g7 32. Rfh2 Ne6 33. Kc3
Nd4 34. b4 Rg3 35. Rxg7+ Rxg7 36. Rf2 Rg1 37. Bd5 Kf6 38. Rd2 Kg5 39. Rh2 Nxf3
40. Bxf3 Rg3 41. Rg2 Rxg2 42. Bxg2 Kg4 43. Kd3 f3 44. Bf1 Kf4 45. Bh3 e4+ 46.
Kd2 e3+ 47. Ke1 Ke4 48. a4 Kd3 49. Be6 f2+ 50. Kf1 e2+ 0-1

[Event "UK Armed Services Championship"]
[Site "Wittering"]
[Date "2024.04.07"]
[Round "6.3"]
[White "Portman, Carl S"]
[Black "Millener, Richard P"]
[Result "1/2-1/2"]
[WhiteElo "1913"]
[BlackElo "1845"]
[Annotator "kjt23"]
[PlyCount "53"]
[EventDate "2024.04.05"]
[EventType "swiss"]
[EventRounds "7"]
[EventCountry "ENG"]
[SourceTitle "BritBase"]
[Source "John Saunders"]
[SourceDate "2024.05.09"]
[SourceVersion "1"]
[SourceVersionDate "2024.04.06"]
[SourceQuality "1"]

1. d4 Nf6 2. Nf3 e6 3. g3 d5 4. Bg2 Be7 5. O-O O-O 6. c4 c6 7. b3 b6 8. Bb2 Bb7
9. Nbd2 Nbd7 10. Ne5 Rc8 11. Rc1 c5 12. Ndf3 cxd4 13. Nxd7 Qxd7 14. Ne5 Qd6 15.
Bxd4 Rfe8 16. e3 Ba6 17. Re1 dxc4 18. bxc4 Rc7 19. Qa4 Qa3 20. Qb3 Rec8 21.
Red1 b5 22. c5 Qxb3 23. axb3 Nd5 24. Bxd5 exd5 25. b4 f6 26. Nd3 g5 27. Ra1
1/2-1/2

[Event "UK Armed Services Championship"]
[Site "Wittering"]
[Date "2024.04.07"]
[Round "6.4"]
[White "Kelly, Richard"]
[Black "Kenyon, James"]
[Result "0-1"]
[WhiteElo "1813"]
[BlackElo "1675"]
[Annotator "kjt23"]
[PlyCount "61"]
[EventDate "2024.04.05"]
[EventType "swiss"]
[EventRounds "7"]
[EventCountry "ENG"]
[SourceTitle "BritBase"]
[Source "John Saunders"]
[SourceDate "2024.05.09"]
[SourceVersion "1"]
[SourceVersionDate "2024.04.06"]
[SourceQuality "1"]

1. d4 d5 2. c4 e6 3. Nc3 Nf6 4. Bg5 Be7 5. e3 h6 6. Bh4 Nc6 7. Nf3 b6 8. cxd5
Nxd5 9. Bxe7 Ndxe7 10. Rc1 Bb7 11. Bd3 Rc8 12. O-O O-O 13. Qe2 Ng6 14. Rfd1 Nb4
15. Bb1 Nd5 16. e4 Ndf4 17. Qe3 Qf6 18. Ne2 Nxe2+ 19. Qxe2 Rfd8 20. Qe3 Nh4 21.
Nxh4 Qxh4 22. Qg3 Qxg3 23. hxg3 Rd7 24. Kf1 Rcd8 25. Ke2 Ba6+ 26. Bd3 Bxd3+ 27.
Rxd3 c5 28. Rcd1 cxd4 29. e5 f6 30. f4 Rd5 31. Kf3 {and black won.} 0-1

[Event "UK Armed Services Championship"]
[Site "Wittering"]
[Date "2024.04.07"]
[Round "6.5"]
[White "Tenin, Alex"]
[Black "Fox, Thomas"]
[Result "1-0"]
[WhiteElo "2061"]
[BlackElo "1500"]
[PlyCount "69"]
[EventDate "2024.04.05"]
[EventType "swiss"]
[EventRounds "7"]
[EventCountry "ENG"]
[SourceTitle "BritBase"]
[Source "John Saunders"]
[SourceDate "2024.05.09"]
[SourceVersion "1"]
[SourceVersionDate "2024.04.06"]
[SourceQuality "1"]

1. e4 c6 2. Nc3 d5 3. Nf3 dxe4 4. Nxe4 Bf5 5. Ng3 Bg6 6. h4 h6 7. Ne5 Qd6 8. d4
Nd7 9. f4 Nxe5 10. fxe5 Qd5 11. h5 Bh7 12. c4 Qd7 13. Be3 f6 14. Bd3 Bxd3 15.
Qxd3 Qg4 16. Bf2 e6 17. Qf3 Bb4+ 18. Ke2 Qxf3+ 19. gxf3 f5 20. a3 Ba5 21. d5
exd5 22. cxd5 cxd5 23. Nxf5 Ne7 24. Nd6+ Kd7 25. Rhg1 Rhg8 26. Nxb7 Rab8 27.
Nxa5 Rxb2+ 28. Kf1 Rc8 29. Rxg7 Rcc2 30. Bxa7 Rh2 31. Nc6 Rh1+ 32. Bg1 Kxc6 33.
Rxe7 Rxh5 34. Rc1+ Kb5 35. Rb7+ 1-0

[Event "UK Armed Services Championship"]
[Site "Wittering"]
[Date "2024.04.07"]
[Round "6.6"]
[White "Woolf, Ben"]
[Black "Thurlow, Kevin J"]
[Result "0-1"]
[WhiteElo "1622"]
[BlackElo "2042"]
[PlyCount "62"]
[EventDate "2024.04.05"]
[EventType "swiss"]
[EventRounds "7"]
[EventCountry "ENG"]
[SourceTitle "BritBase"]
[Source "John Saunders"]
[SourceDate "2024.05.09"]
[SourceVersion "1"]
[SourceVersionDate "2024.04.06"]
[SourceQuality "1"]

1. e4 c5 2. b3 Nc6 3. Bb2 e5 4. Bc4 Nf6 5. Nc3 a6 6. a4 d6 7. Nge2 Be6 8. Bxe6
fxe6 9. O-O Be7 10. f4 O-O 11. fxe5 Nxe5 12. d3 Qd7 13. Qd2 b5 14. axb5 axb5
15. Ng3 Rxa1 16. Rxa1 Nfg4 17. Nd1 Bh4 18. Bxe5 dxe5 19. Qe2 Qd4+ 20. Kh1 Qxa1
21. Qxg4 Rf6 22. Qh5 Bxg3 23. Qe8+ Rf8 24. Qxe6+ Kh8 25. hxg3 Qxd1+ 26. Kh2
Qh5+ 27. Kg1 Qe8 28. Qd6 c4 29. bxc4 bxc4 30. dxc4 Rf6 31. Qd5 Qb8 0-1

[Event "UK Armed Services Championship"]
[Site "Wittering"]
[Date "2024.04.07"]
[Round "6.7"]
[White "O'Brien, Anthony T"]
[Black "Collins, Nigel"]
[Result "1/2-1/2"]
[WhiteElo "1847"]
[BlackElo "1488"]
[PlyCount "32"]
[EventDate "2024.04.05"]
[EventType "swiss"]
[EventRounds "7"]
[EventCountry "ENG"]
[SourceTitle "BritBase"]
[Source "John Saunders"]
[SourceDate "2024.05.09"]
[SourceVersion "1"]
[SourceVersionDate "2024.04.06"]
[SourceQuality "1"]

1. d4 Nf6 2. e3 g6 3. Bd3 Bg7 4. Nd2 O-O 5. f4 d5 6. Ngf3 Nbd7 7. Qe2 c5 8. c3
cxd4 9. cxd4 a6 10. h4 Nh5 11. Qf2 Ndf6 12. Ne5 Ng4 13. Qg1 Ng3 14. Ndf3 Nxe5
15. fxe5 Nxh1 16. Qxh1 Bg4 1/2-1/2

[Event "UK Armed Services Championship"]
[Site "Wittering"]
[Date "2024.04.07"]
[Round "6.8"]
[White "Rai, Silas"]
[Black "Foulds, Andrew"]
[Result "0-1"]
[WhiteElo "1600"]
[BlackElo "1792"]
[PlyCount "66"]
[EventDate "2024.04.05"]
[EventType "swiss"]
[EventRounds "7"]
[EventCountry "ENG"]
[SourceTitle "BritBase"]
[Source "John Saunders"]
[SourceDate "2024.05.09"]
[SourceVersion "1"]
[SourceVersionDate "2024.04.06"]
[SourceQuality "1"]

1. e4 Nc6 2. Nf3 d6 3. d4 Nf6 4. Nc3 Bg4 5. Be3 e6 6. h3 Bh5 7. g4 Bg6 8. Bd3
Nb4 9. g5 Nxd3+ 10. cxd3 Nd7 11. Qb3 Qb8 12. Rc1 c6 13. d5 exd5 14. d4 dxe4 15.
Nh4 d5 16. Ng2 Nb6 17. Nf4 Bd6 18. Nce2 Bf5 19. Nh5 O-O 20. h4 Kh8 21. Nhg3 Be6
22. Rc3 Bg4 23. Qc2 Bf3 24. Rg1 Qc8 25. Bf4 Bxf4 26. Nxf4 Qg4 27. Nfh5 Rae8 28.
b3 Nc8 29. Re3 Nd6 30. Kf1 Qxh4 31. Rxf3 exf3 32. Rh1 Qxd4 33. Nf6 Qa1+ 0-1

[Event "UK Armed Services Championship"]
[Site "Wittering"]
[Date "2024.04.07"]
[Round "6.9"]
[White "Podolski, Edwin"]
[Black "Echavarria Hidalgo, Fernando"]
[Result "1-0"]
[WhiteElo "1593"]
[BlackElo "1785"]
[PlyCount "121"]
[EventDate "2024.04.05"]
[EventType "swiss"]
[EventRounds "7"]
[EventCountry "ENG"]
[SourceTitle "BritBase"]
[Source "John Saunders"]
[SourceDate "2024.05.09"]
[SourceVersion "1"]
[SourceVersionDate "2024.04.06"]
[SourceQuality "1"]

1. e4 c5 2. Nf3 d6 3. c3 Nf6 4. Be2 Nc6 5. d4 cxd4 6. cxd4 Qa5+ 7. Bd2 Qb6 8.
d5 Nxe4 9. O-O Nxd2 10. Nbxd2 Nb8 11. Nc4 Qd8 12. Ng5 Bf5 13. Bh5 g6 14. Bg4
Bxg4 15. Qxg4 Bg7 16. Rfe1 O-O 17. Re3 h5 18. Qe4 Bh6 19. Nxf7 Kxf7 20. Rg3 g5
21. Qh7+ Bg7 22. Rxg5 Ke8 23. Rxg7 Kd7 24. Re1 Re8 25. Qf5+ Kc7 26. Qe6 b5 27.
Na5 Kb6 28. b4 Qd7 29. Rxe7 Rxe7 30. Qxe7 a6 31. Qe3+ Kc7 32. Rc1+ Kd8 33. Nc6+
Nxc6 34. Rxc6 Ra7 35. Qg5+ Ke8 36. Qxh5+ Kf8 37. Qh6+ Ke7 38. h4 a5 39. h5 axb4
40. Rxd6 Qxd6 41. Qe3+ Kf6 42. Qxa7 Qxd5 43. Qb6+ Kf7 44. Qc7+ Kf6 45. Qf4+ Ke6
46. Qg4+ Kf6 47. Qf3+ Qxf3 48. gxf3 Kg5 49. f4+ Kxh5 50. f3 Kg6 51. Kf2 Kf6 52.
Ke2 Ke6 53. Kd3 Kd5 54. f5 Ke5 55. f6 Kxf6 56. Kd4 Kf5 57. Kc5 b3 58. axb3 b4
59. Kxb4 Kf4 60. Kc5 Kxf3 61. b4 1-0

[Event "UK Armed Services Championship"]
[Site "Wittering"]
[Date "2024.04.07"]
[Round "6.10"]
[White "Rai, Rajip"]
[Black "Barnes, David"]
[Result "0-1"]
[WhiteElo "1300"]
[BlackElo "1738"]
[PlyCount "66"]
[EventDate "2024.04.05"]
[EventType "swiss"]
[EventRounds "7"]
[EventCountry "ENG"]
[SourceTitle "BritBase"]
[Source "John Saunders"]
[SourceDate "2024.05.09"]
[SourceVersion "1"]
[SourceVersionDate "2024.04.06"]
[SourceQuality "1"]

1. e4 e5 2. Bc4 Nf6 3. Nc3 Bc5 4. d3 d6 5. Bg5 c6 6. h3 Nbd7 7. Nf3 b5 8. Bb3
O-O 9. O-O Bb6 10. d4 Qc7 11. a3 h6 12. dxe5 dxe5 13. Bxf6 Nxf6 14. Qe2 Nh5 15.
Kh1 Qe7 16. Nh2 Nf4 17. Qf3 Rd8 18. Rad1 Be6 19. Ng4 Bxb3 20. cxb3 Bd4 21. b4
Qe6 22. Kh2 Qc4 23. g3 Ng6 24. Rfe1 Rd6 25. Re2 Rad8 26. Red2 Qb3 27. h4 Qe6
28. Nxh6+ gxh6 29. h5 Nf8 30. g4 Qf6 31. Qd3 Ne6 32. f3 Qh4+ 33. Kg2 Nf4+ 0-1

[Event "UK Armed Services Championship"]
[Site "Wittering"]
[Date "2024.04.07"]
[Round "6.11"]
[White "Driscoll, Mark"]
[Black "Knight, Christopher J"]
[Result "1/2-1/2"]
[WhiteElo "1720"]
[BlackElo "1669"]
[PlyCount "44"]
[EventDate "2024.04.05"]
[EventType "swiss"]
[EventRounds "7"]
[EventCountry "ENG"]
[SourceTitle "BritBase"]
[Source "John Saunders"]
[SourceDate "2024.05.09"]
[SourceVersion "1"]
[SourceVersionDate "2024.04.06"]
[SourceQuality "1"]

1. d4 c5 2. d5 Nf6 3. Bf4 d6 4. Nc3 Bf5 5. Nf3 g6 6. Qd2 Bg7 7. Bh6 O-O 8. Bxg7
Kxg7 9. Nh4 Bd7 10. e4 e5 11. g3 b5 12. Bg2 b4 13. Ne2 Bb5 14. O-O Nbd7 15.
Rfe1 a5 16. Qg5 Kh8 17. c3 Bxe2 18. Rxe2 bxc3 19. bxc3 Rb8 20. f4 Ng8 21. Qxd8
Rfxd8 22. Nf3 f6 1/2-1/2

[Event "UK Armed Services Championship"]
[Site "Wittering"]
[Date "2024.04.07"]
[Round "6.12"]
[White "Ross, David C (snr)"]
[Black "Blair, Jimmy"]
[Result "1-0"]
[WhiteElo "1710"]
[BlackElo "1473"]
[PlyCount "44"]
[EventDate "2024.04.05"]
[EventType "swiss"]
[EventRounds "7"]
[EventCountry "ENG"]
[SourceTitle "BritBase"]
[Source "John Saunders"]
[SourceDate "2024.05.09"]
[SourceVersion "1"]
[SourceVersionDate "2024.04.06"]
[SourceQuality "1"]

1. e4 e5 2. Nf3 d6 3. d4 Bg4 4. Bc4 Nd7 5. c3 Bxf3 6. Qxf3 Qf6 7. Qe2 O-O-O 8.
d5 Nb6 9. Bd3 Qg6 10. O-O Ne7 11. Be3 h5 12. a4 f5 13. f3 f4 14. Bf2 h4 15. h3
Rh5 16. Kh1 Qf7 17. a5 Nd7 18. Bxa7 Nc5 19. Bxc5 dxc5 20. a6 b6 21. a7 Kb7 22.
Na3 Ra8 1-0

[Event "UK Armed Services Championship"]
[Site "Wittering"]
[Date "2024.04.07"]
[Round "6.13"]
[White "Morrison, Munroe L"]
[Black "Lavender, Lee"]
[Result "0-1"]
[WhiteElo "1701"]
[BlackElo "1465"]
[PlyCount "80"]
[EventDate "2024.04.05"]
[EventType "swiss"]
[EventRounds "7"]
[EventCountry "ENG"]
[SourceTitle "BritBase"]
[Source "John Saunders"]
[SourceDate "2024.05.09"]
[SourceVersion "1"]
[SourceVersionDate "2024.04.06"]
[SourceQuality "1"]

1. e4 c6 2. d4 d5 3. e5 c5 4. dxc5 Nc6 5. f4 Nh6 6. Nf3 Bg4 7. c3 e6 8. Be3 Nf5
9. Bf2 g5 10. h3 Bxf3 11. Qxf3 gxf4 12. Qxf4 Bh6 13. Qa4 Qg5 14. h4 Qc1+ 15.
Qd1 Qxb2 16. g4 Ne3 17. Bxe3 Bxe3 18. Nd2 Bxd2+ 19. Qxd2 Qxa1+ 20. Kf2 Qb1 21.
h5 Qe4 22. Bg2 Qxe5 23. Re1 Qf6+ 24. Kg1 O-O-O 25. Qb2 Rhg8 26. Rb1 Qe7 27. Qe2
Qxc5+ 28. Kh1 Qc4 29. Qf2 Rxg4 30. Qxf7 Rh4+ 31. Kg1 Qc5+ 32. Kf1 Rf8 33. Rxb7
Rxf7+ 34. Rxf7 Qc4+ 35. Kg1 Qe2 36. c4 Rg4 37. Rf2 Qxc4 38. a4 Qxa4 39. h6 Qd4
40. Kh2 Qxf2 0-1

[Event "UK Armed Services Championship"]
[Site "Wittering"]
[Date "2024.04.07"]
[Round "6.14"]
[White "Knipe, Matthew"]
[Black "Rossetti, Oliver"]
[Result "0-1"]
[WhiteElo "1639"]
[BlackElo "1762"]
[PlyCount "134"]
[EventDate "2024.04.05"]
[EventType "swiss"]
[EventRounds "7"]
[EventCountry "ENG"]
[SourceTitle "BritBase"]
[Source "John Saunders"]
[SourceDate "2024.05.09"]
[SourceVersion "1"]
[SourceVersionDate "2024.04.06"]
[SourceQuality "1"]

1. e4 Nf6 2. Nc3 d6 3. d4 g6 4. Bg5 Bg7 5. e5 Nfd7 6. Nf3 a6 7. Bf4 b5 8. Be2
Bb7 9. O-O Nb6 10. b3 b4 11. Nb1 Nd5 12. Bg3 Nd7 13. a3 f6 14. exd6 cxd6 15.
axb4 Nxb4 16. c3 Nd5 17. c4 Nb4 18. Re1 Qb6 19. d5 Nc5 20. Bf1 f5 21. Qe2 O-O
22. Ra3 Ne4 23. Bf4 Nd3 24. Be3 Ndc5 25. Bxc5 Qxc5 26. Qe3 Qb4 27. Ra4 Qc5 28.
Qxc5 Nxc5 29. Ra3 Bb2 30. Ra2 Bf6 31. b4 Nd7 32. h4 h6 33. Rae2 Rfe8 34. Re6
Kf7 35. R1e3 a5 36. bxa5 Rxa5 37. Rb3 Nc5 38. Ra3 Rea8 39. Rxa5 Rxa5 40. Re3
Ra1 41. Nbd2 Ba6 42. Kh2 Ra2 43. g3 g5 44. hxg5 hxg5 45. Re2 g4 46. Nh4 Bxh4
47. gxh4 f4 48. h5 f3 49. Re3 Rxd2 50. Kg3 Rd1 51. Kxg4 Rxf1 52. Rxf3+ Kg7 53.
Rf4 Nd3 54. Rd4 Bxc4 55. Kf5 Rxf2+ 56. Ke6 Re2+ 57. Kd7 Bb5+ 58. Kd8 Ne5 59.
Rb4 Nf7+ 60. Kc7 Rc2+ 61. Kb6 Bc4 62. Kc6 Ne5+ 63. Kb6 Bxd5 64. Rd4 Nd7+ 65.
Kb5 Rb2+ 66. Ka4 Nc5+ 67. Ka3 Rb3+ 0-1

[Event "UK Armed Services Championship"]
[Site "Wittering"]
[Date "2024.04.07"]
[Round "6.15"]
[White "Chwieseni, Edward I"]
[Black "Pun Magar, Bijay"]
[Result "0-1"]
[WhiteElo "1788"]
[BlackElo "1532"]
[PlyCount "92"]
[EventDate "2024.04.05"]
[EventType "swiss"]
[EventRounds "7"]
[EventCountry "ENG"]
[SourceTitle "BritBase"]
[Source "John Saunders"]
[SourceDate "2024.05.09"]
[SourceVersion "1"]
[SourceVersionDate "2024.04.06"]
[SourceQuality "1"]

1. e4 e5 2. Nf3 Nc6 3. d4 exd4 4. Nxd4 Nxd4 5. Qxd4 d6 6. e5 Bf5 7. exd6 Bxd6
8. Bd3 Bxd3 9. Qxd3 Qe7+ 10. Qe3 O-O-O 11. O-O b6 12. Nc3 Qh4 13. g3 Qc4 14.
Qe4 Qxe4 15. Nxe4 f5 16. Nxd6+ Rxd6 17. Bf4 Rc6 18. c3 Nf6 19. Rad1 Re8 20.
Rfe1 Rce6 21. Kf1 Ng4 22. Rxe6 Rxe6 23. h3 Nf6 24. Re1 Rxe1+ 25. Kxe1 Nd5 26.
Be5 g6 27. Kd2 Kd7 28. Kd3 a6 29. f4 Ne7 30. g4 Nc6 31. Bd4 Ke6 32. a3 Ne7 33.
c4 Nc6 34. b4 Nxd4 35. Kxd4 fxg4 36. hxg4 h5 37. gxh5 gxh5 38. Ke4 c6 39. a4 h4
40. f5+ Kf6 41. b5 cxb5 42. a5 bxa5 43. c5 a4 44. Kf3 Kxf5 45. c6 Ke6 46. c7
Kd7 0-1

[Event "UK Armed Services Championship"]
[Site "Wittering"]
[Date "2024.04.07"]
[Round "6.16"]
[White "Hill, Thomas"]
[Black "Brocklehurst, John"]
[Result "0-1"]
[WhiteElo "1675"]
[BlackElo "1500"]
[PlyCount "28"]
[EventDate "2024.04.05"]
[EventType "swiss"]
[EventRounds "7"]
[EventCountry "ENG"]
[SourceTitle "BritBase"]
[Source "John Saunders"]
[SourceDate "2024.05.09"]
[SourceVersion "1"]
[SourceVersionDate "2024.04.06"]
[SourceQuality "1"]

1. e4 c6 2. d4 d5 3. Nc3 dxe4 4. Nxe4 Nf6 5. Nxf6+ exf6 6. Nf3 Bg4 7. Be2 Bd6
8. d5 O-O 9. Qd4 Bxf3 10. Bxf3 cxd5 11. Bxd5 Nc6 12. Bxc6 bxc6 13. O-O Bxh2+
14. Kxh2 Qxd4 0-1

[Event "UK Armed Services Championship"]
[Site "Wittering"]
[Date "2024.04.07"]
[Round "6.17"]
[White "Huyton, Paul M"]
[Black "Crossley, Sam"]
[Result "1-0"]
[WhiteElo "1644"]
[BlackElo "1472"]
[PlyCount "75"]
[EventDate "2024.04.05"]
[EventType "swiss"]
[EventRounds "7"]
[EventCountry "ENG"]
[SourceTitle "BritBase"]
[Source "John Saunders"]
[SourceDate "2024.05.09"]
[SourceVersion "1"]
[SourceVersionDate "2024.04.06"]
[SourceQuality "1"]

1. e4 e5 2. Nf3 Nc6 3. Bb5 f6 4. O-O a6 5. Ba4 Bc5 6. c3 Nge7 7. d4 exd4 8.
cxd4 Bd6 9. Bb3 Bb4 10. a3 Ba5 11. Ba2 d5 12. b4 Bb6 13. exd5 Nxd5 14. Re1+
Nce7 15. Qb3 c6 16. Nc3 Be6 17. Rxe6 O-O 18. Nxd5 Nxd5 19. Bb2 Qd7 20. Rae1
Rfe8 21. Rxe8+ Rxe8 22. Rxe8+ Qxe8 23. Qe3 Kf8 24. Qxe8+ Kxe8 25. Bxd5 cxd5 26.
g4 g5 27. Kg2 Kf7 28. Kg3 Kg6 29. h4 a5 30. hxg5 fxg5 31. Ne5+ Kh6 32. f4 axb4
33. axb4 gxf4+ 34. Kxf4 Kg7 35. Kf5 h6 36. Nd7 Bd8 37. Nc5 b6 38. Ne6+ 1-0

[Event "UK Armed Services Championship"]
[Site "Wittering"]
[Date "2024.04.07"]
[Round "6.18"]
[White "Rai, Rabindra"]
[Black "Goodman, Paul"]
[Result "1/2-1/2"]
[WhiteElo "1462"]
[BlackElo "1640"]
[PlyCount "80"]
[EventDate "2024.04.05"]
[EventType "swiss"]
[EventRounds "7"]
[EventCountry "ENG"]
[SourceTitle "BritBase"]
[Source "John Saunders"]
[SourceDate "2024.05.09"]
[SourceVersion "1"]
[SourceVersionDate "2024.04.06"]
[SourceQuality "1"]

1. e4 c5 2. Nc3 Nc6 3. Bc4 e6 4. Nf3 g6 5. Ne2 Bg7 6. c3 Nge7 7. a3 d5 8. exd5
Nxd5 9. O-O O-O 10. b4 cxb4 11. axb4 Ncxb4 12. Ba3 Re8 13. Bxb4 Nxb4 14. cxb4
Bxa1 15. Qxa1 Qb6 16. b5 Bd7 17. Qe5 Rac8 18. d3 Rc5 19. Qf6 Rf5 20. Qh4 Qc5
21. Ned4 Rh5 22. Qf4 Kg7 23. g4 Rd5 24. Bxd5 Qxd5 25. Ne5 f6 26. Nxd7 Qxd7 27.
Qe3 e5 28. Ne2 Qxg4+ 29. Ng3 b6 30. f3 Qd7 31. Ne4 f5 32. Ng5 h6 33. Nh3 f4 34.
Qc1 Qxh3 35. Qc7+ Kh8 36. Rf2 Qe6 37. h3 Qxh3 38. Rh2 Qg3+ 39. Rg2 Qe1+ 40. Kh2
Qh4+ 1/2-1/2

[Event "UK Armed Services Championship"]
[Site "Wittering"]
[Date "2024.04.07"]
[Round "6.19"]
[White "Brown, William"]
[Black "Nelder, Alan J"]
[Result "0-1"]
[WhiteElo "1450"]
[BlackElo "1628"]
[PlyCount "94"]
[EventDate "2024.04.05"]
[EventType "swiss"]
[EventRounds "7"]
[EventCountry "ENG"]
[SourceTitle "BritBase"]
[Source "John Saunders"]
[SourceDate "2024.05.09"]
[SourceVersion "1"]
[SourceVersionDate "2024.04.06"]
[SourceQuality "1"]

1. e4 d6 2. b3 Nf6 3. d3 g6 4. Bg5 Bg7 5. c3 c6 6. Qd2 Nbd7 7. Nf3 Nc5 8. Na3
Nfxe4 9. dxe4 Nxe4 10. Qe3 Bxc3+ 11. Ke2 Bxa1 12. Qxe4 Bf5 13. Qe3 O-O 14. Nc4
Re8 15. h3 b5 16. Ncd2 Qa5 17. g4 Be6 18. Nd4 Bd5 19. f3 Qxa2 20. Kf2 e5 21.
Ne2 a5 22. Bg2 a4 23. Bf6 Re6 24. g5 Bd4 25. Nxd4 exd4 26. Qxd4 Rxf6 27. gxf6
axb3 28. Qf4 Kf8 29. Re1 Be6 30. Qxd6+ Kg8 31. h4 b2 32. h5 Qd5 33. Qf4 Qxh5
34. Rh1 Qc5+ 35. Kg3 Qf8 36. Qh4 h5 37. f4 Ra1 38. Be4 Rxh1 39. Bxh1 Bf5 40.
Bxc6 b4 41. Qh1 Qd6 42. Nc4 Qd3+ 43. Kh2 Qxc4 44. Bd5 Qe2+ 45. Kg3 Qe3+ 46. Bf3
b1=Q 47. Kh4 Qxf4+ 0-1

[Event "UK Armed Services Championship"]
[Site "Wittering"]
[Date "2024.04.07"]
[Round "6.20"]
[White "Eades, Laurence"]
[Black "Simpson, Jack"]
[Result "0-1"]
[WhiteElo "1409"]
[BlackElo "1538"]
[PlyCount "60"]
[EventDate "2024.04.05"]
[EventType "swiss"]
[EventRounds "7"]
[EventCountry "ENG"]
[SourceTitle "BritBase"]
[Source "John Saunders"]
[SourceDate "2024.05.09"]
[SourceVersion "1"]
[SourceVersionDate "2024.04.06"]
[SourceQuality "1"]

1. e4 e6 2. d4 b6 3. Nf3 Bb7 4. Nc3 Bb4 5. Bd2 Bxc3 6. Bxc3 Bxe4 7. Bd3 Bb7 8.
d5 Nf6 9. dxe6 dxe6 10. Qe2 O-O 11. O-O-O Qe7 12. a3 h6 13. h3 Nbd7 14. Ne5
Nxe5 15. Bxe5 Bxg2 16. Rhg1 Bxh3 17. Bxf6 Qxf6 18. Qe1 Bf5 19. Bxf5 exf5 20.
Qe3 Rad8 21. Rxd8 Rxd8 22. Qf3 c6 23. Rg3 a5 24. Qf4 Qd4 25. Qf3 Qd2+ 26. Kb1
Qd1+ 27. Qxd1 Rxd1+ 28. Ka2 Rd2 29. Rc3 c5 30. f3 h5 0-1

[Event "UK Armed Services Championship"]
[Site "Wittering"]
[Date "2024.04.07"]
[Round "6.21"]
[White "O'Neill, Stephen G"]
[Black "Mawer, Thomas"]
[Result "0-1"]
[WhiteElo "1536"]
[BlackElo "1300"]
[PlyCount "70"]
[EventDate "2024.04.05"]
[EventType "swiss"]
[EventRounds "7"]
[EventCountry "ENG"]
[SourceTitle "BritBase"]
[Source "John Saunders"]
[SourceDate "2024.05.09"]
[SourceVersion "1"]
[SourceVersionDate "2024.04.06"]
[SourceQuality "1"]

1. Nf3 d5 2. d4 Bg4 3. e3 e6 4. Be2 Nf6 5. O-O Be7 6. Ne5 Bxe2 7. Qxe2 O-O 8.
Nd2 c5 9. dxc5 Bxc5 10. Qb5 Qc7 11. Ndf3 a6 12. Qd3 Nbd7 13. Nxd7 Qxd7 14. a3
h6 15. b4 Bd6 16. Bb2 Rac8 17. Rad1 Qc7 18. Bxf6 gxf6 19. Rd2 Qc3 20. Qxc3 Rxc3
21. Ra1 Rfc8 22. Ra2 R8c4 23. g3 Bc7 24. Nd4 Bb6 25. Ne2 Rxe3 26. Kf1 Rf3 27.
Ng1 Rf5 28. h3 Rc3 29. Ra1 Be3 30. Re2 h5 31. Rae1 Bh6 32. a4 Rxg3 33. f3 Rfg5
34. h4 Rxg1+ 35. Kf2 R5g2# 0-1